The calculation of direct illumination from linear sources.

Saved in:
Bibliographic Details
Corporate Author: Illuminating Engineering Society (Great Britain)
Format: Book
Language:English
Published: London, Illuminating Engineering Society, 1968.
Subjects:
LEADER 00937nam a22002411 4500
001 c000134753
003 CARM
005 00000000000000.0
008 681219s1968 enka b 00010 eng
015 |a B68-11899 
019 1 |a 4084277  |z 27783  |5 LACONCORD2021 
035 |a (OCoLC)467313  |5 LACONCORD2021 
050 0 0 |a Z671  |b .I4 no. 11 
110 2 0 |a Illuminating Engineering Society (Great Britain) 
245 1 4 |a The calculation of direct illumination from linear sources. 
260 |a London,  |b Illuminating Engineering Society,  |c 1968. 
300 |a [4], 46 p.  |b illus., tables.  |c 30 cm. 
410 2 1 |a Its  |t IES technical report ;  |v no. 11 
504 |a Bibliography: p. 46. 
650 0 |a Lighting  |x Tables. 
852 8 |b CARM  |h A2:AF23C5  |i D01038  |p 0048678  |f BK 
999 f f |i 5bb2826a-e975-50f2-8ac0-753bb369e5b2  |s 37e4d872-dd01-53bf-9a0a-89ff62f4ed62 
952 f f |p Can circulate  |a CAVAL  |b CAVAL  |c CAVAL  |d CARM 1 Store  |e D01038  |f A2:AF23C5  |h Other scheme  |i book  |m 0048678